000 00533nam a2200193Ia 4500
003 GCL
008 140319s9999 xx 000 0 ara d
040 _aGCL /
_cGCL
082 0 4 _a811.00802
_bا ا
100 1 _aاميل ناصيف
245 1 0 _aاروع ما قيل فى الحكمة /
_cاميل ناصيف
260 _a[S.N] :
_bدار الجيل ،
_c1992
300 _a168 ص
490 _a
650 0 4 _aالشعر العربى
650 0 4 _aالادب العربى
650 0 4 _aالمجموعات
942 _2ddc
_cBK
999 _c28110
_d28110